Top 50 Albums from 1986 - Statistics

General Stats
  • This quiz has been taken 7 times
  • The average score is 7 of 50
Answer Stats
Artist Album % Correct
#16: Paul Simon Graceland
86%
#1: The Smiths The Queen is Dead
86%
#17: R.E.M. Lifes Rich Pageant
71%
#15: Peter Gabriel So
71%
#2: Metallica Master of Puppets
43%
#37: Pet Shop Boys Please
43%
#12: Depeche Mode Black Celebration
29%
#26: Prince and the Revolution Parade: Music from the Motion Picture "Under the Cherry Moon"
29%
#9: XTC Skylarking
29%
#7: Talk Talk The Colour of Spring
29%
#38: Cocteau Twins Victorialand
29%
#44: The Fall Bend Sinister
14%
#32: Crimson Glory Crimson Glory
14%
#4: Sonic Youth EVOL
14%
#28: The Go-Betweens Liberty Belle and the Black Diamond Express
14%
#34: Beastie Boys Licensed to Ill
14%
#5: Megadeth Peace Sells... But Who's Buying?
14%
#43: Run-D.M.C. Raising Hell
14%
#3: Slayer Reign in Blood
14%
#6: Iron Maiden Somewhere in Time
14%
#36: Metal Church The Dark
14%
#45: Siouxsie & the Banshees Tinderbox
14%
#27: Nick Cave & the Bad Seeds Your Funeral... My Trial
14%
#21: CCCP Fedeli alla Linea Affinità-Divergenze Fra il Compagno Togliatti e Noi: Del Conseguimento Della Maggiore Età
0%
#10: Big Black Atomizer
0%
#31: Fates Warning Awaken the Guardian
0%
#46: The Triffids Born Sandy Devotional
0%
#49: Titãs Cabeça Dinossauro
0%
#19: Dark Angel Darkness Descends
0%
#41: Geinoh Yamashirogumi Ecophony Rinne
0%
#8: Candlemass Epicus Doomicus Metallicus
0%
#48: Felt Forever Breathes the Lonely Word
0%
#35: David Sylvian Gone to Earth
0%
#42: Paul Kelly and the Coloured Girls Gossip
0%
#47: The Church Heyday
0%
#39: Lech Janerka Historia Podwodna
0%
#13: Coil Horse Rotorvator
0%
#20: Siekiera Nowa Aleksandria
0%
#23: Aldo Ciccolini / Gabriel Tacchino Œuvres d'Erik Satie
0%
#40: Concertgebouw Orchestra / Bernard Haitink / Vladimir Ashkenazy Piano Concertos 2 & 4
0%
#18: Kreator Pleasure to Kill
0%
#22: The Chameleons Strange Times
0%
#33: Alban Berg Quartett String Quartets
0%
#11: Berlin Philharmonic Orchestra / Herbert von Karajan / Vienna Singverein / Anna Tomowa-Sintow / Agnes Baltsa / Peter Schreier / José Van Dam Symphony No. 9 "Choral"
0%
#14: Astor Piazzolla and the New Tango Quintet Tango: Zero Hour / Nuevo Tango: Hora Zero
0%
#24: Manilla Road The Deluge
0%
#50: New Model Army The Ghost of Cain
0%
#25: Ennio Morricone The Mission
0%
#29: Arthur Russell World of Echo
0%
#30: Henry Flynt You Are My Everlovin / Celestial Power
0%
No matching quizzes found
Score Distribution
Percent of People with Each Score
Percentile by Number Answered
Your Score History
You have not taken this quiz